00803 2200205 4500001002100000005001700021008004100038035002400079040001200103082001600115090002100131245014900152260015800301300002300459500002900482650003700511700002200548850001200570990001500582YOGYA-0209000001449120090227022424.0 ind  0010-020900000014491 aYOPDYOG a307.0959862 a307.0959862bDam aDAMPAK globalisasi informasi dan komunikasi terhadap kehidupan sosial budaya masyarakat pedesaan di Sulawesi TenagahcSyahrir Mappiare...[et.al] aPalubDepdikbud Ditjen Kebudayaan Diorektorat Sejarah dan Nilai Tradisional Proyek Pengkajian dan Pembinaan Nilai-nilai Budaya Sulawesi Tengahc1995/1996 aix, 222 hlmc21 cm aBibliografi: hlm 213-215 aKehidupan Sosial Sulawesi Tengah aMappiare, Syahrir aYOPDYOG a96A0025137